000 00355 a2200085 4500
100 1 _aRadike, Sigismund.
_eAutor
245 0 _aAntennen im Kundendienst :
_bProjektierung und Ausfuehrung von Antennenanlagen fuer Rundfunk und Fernsehen /
_cRadike Sigismund.
710 2 _aTelekosmos-Verlag.
_eWydawca
_4pbl
260 _aStuttgart :
_bTelekosmos-Verlag,
_c1966.
300 _a310 s.;
_c24 cm.
999 _c3450
_d3450